NASCAR Driver By Picture - Statistics

General Stats
  • This quiz has been taken 97 times
  • The average score is 11 of 16
Answer Stats
Picture Answer % Correct
Jeff Gordon
93%
Dale Earnhardt Jr.
90%
Kyle Larson
84%
Kyle Busch
81%
William Byron
78%
Jimmie Johnson
74%
Ricky Stenhouse Jr.
74%
Harrison Burton
71%
Chase Briscoe
68%
Austin Cindric
67%
Corey LaJoie
67%
Tyler Reddick
62%
Aric Almirola
58%
Carl Edwards
58%
Josh Berry
46%
Justin Allgaier
25%
No matching quizzes found
Score Distribution
Percent of People with Each Score
Percentile by Number Answered
Your Score History
You have not taken this quiz